Robert Burns and pastoral : (رقم التسجيلة. 19595)
[ عرض عادي ]
| 000 -الفاتح | |
|---|---|
| حقل البيانات ثابتة الطول | 01633cam a2200397 a 4500 |
| 001 - رقم الضبط | |
| رقم الضبط | 16469104 |
| 003 - محدد رقم الضبط | |
| رقم الضبط | OSt |
| 005 - وقت وتاريخ اخر تعامل مع التسجيلة | |
| رقم الضبط | 20150408113957.0 |
| 008 - عناصر البيانات ثابتة الطول - معلومات عامة | |
| حقل البيانات ثابتة الطول | 100921s2010 enkab b 001 0 eng d |
| 010 ## - رقم ضبط مكتبة الكونجرس | |
| رقم ضبط مكتبة الكونجرس | 2010282489 |
| 015 ## - رقم الببليوجرافية الوطنية | |
| رقم الببليوجرافية الوطنية | GBB027499 |
| المصدر | bnb |
| 016 7# - رقم ضبط الوكاله الوطنية للضبط الببليوجرافي | |
| رقم ضبط التسجيلة | 015489062 |
| المصدر | Uk |
| 020 ## - الرقم الدولى المعيارى للكتب | |
| الرقم الدولى المعيارى للكتاب | 9780199572618 |
| 020 ## - الرقم الدولى المعيارى للكتب | |
| الرقم الدولى المعيارى للكتاب | 0199572615 |
| 035 ## - رقم ضبط النظام | |
| رقم ضبط النظام | (OCoLC)ocn520714173 |
| 040 ## - مصدر الفهرسة | |
| وكالة الفهرسة الأصلية | UKM |
| وكالة النسخ | UKM |
| وكالة التعديل | BWK |
| -- | YDXCP |
| -- | C#P |
| -- | BWX |
| -- | DLC |
| 042 ## - رمز التحقق | |
| رمز التحقق | lccopycat |
| 043 ## - رمز المنطقة الجغرافية | |
| رمز المنطقة الجغرافية | e-uk-st |
| 050 00 - رقم طلب مكتبة الكونجرس | |
| رقم التصنيف | PR4338 |
| رقم المادة | .L43 2010 |
| 082 04 - رقم تصنيف ديوى العشرى | |
| رقم التصنيف | 821.6 L N R |
| رقم الطبعة | 22 |
| 100 1# - المدخل الرئيسى - إسم شخصى | |
| الإسم الشخصى | Leask, Nigel, |
| التواريخ المصاحبة للاسم | 1958- |
| 9 (RLIN) | 7917 |
| 245 10 - بيان العنوان | |
| العنوان | Robert Burns and pastoral : |
| بقية العنوان | poetry and improvement in late eighteenth-century Scotland / |
| بيان المسئوليه,etc | Nigel Leask. |
| 260 ## - PUBLICATION, DISTRIBUTION, ETC. (IMPRINT) | |
| مكان الناشر او الموزع | Oxford ; |
| -- | New York : |
| اسم الناشر او الموزع | Oxford University Press, |
| تاريخ النشر أو التوزيع | 2010. |
| 300 ## - الوصف المادى | |
| التعداد | xiv, 347 p. : |
| تفاصيل ماديه اخرى للوعاء | ill., map ; |
| أبعاد الوعاء | 24 cm. |
| 504 ## - تبصرة ببليوجرافية | |
| تبصرة ببليوجرافية,الخ | Includes bibliographical references (p. [311] -328) and index. |
| 600 10 - المدخل الاضافى بالموضوع-اسم شخصى | |
| الإسم الشخصى | Burns, Robert, |
| التواريخ المصاحبة للاسم | 1759-1796 |
| التقسيم الفرعي العام | Criticism and interpretation. |
| 9 (RLIN) | 7918 |
| 650 #0 - المدخل الاضافى بالموضوع-مصطلح موضوعى | |
| مصطلح موضوعي أو اسم جغرافي كعنصر مدخل | Pastoral poetry, English |
| التقسيم الفرعي العام | History and criticism. |
| 9 (RLIN) | 7919 |
| 650 #0 - المدخل الاضافى بالموضوع-مصطلح موضوعى | |
| مصطلح موضوعي أو اسم جغرافي كعنصر مدخل | Agriculture in literature. |
| 9 (RLIN) | 7920 |
| 650 #0 - المدخل الاضافى بالموضوع-مصطلح موضوعى | |
| مصطلح موضوعي أو اسم جغرافي كعنصر مدخل | Agriculture |
| التقسيم الفرعي الجغرافي | Scotland |
| التقسيم الفرعي العام | History |
| التقسيم الفرعي الزمني | 18th century. |
| 9 (RLIN) | 7921 |
| 856 42 - الوصول و الموقع الالكترونى | |
| مواد محددة | Contributor biographical information |
| معرف المصدر الموحد | <a href="http://www.loc.gov/catdir/enhancements/fy1102/2010282489-b.html">http://www.loc.gov/catdir/enhancements/fy1102/2010282489-b.html</a> |
| 856 42 - الوصول و الموقع الالكترونى | |
| مواد محددة | Publisher description |
| معرف المصدر الموحد | <a href="http://www.loc.gov/catdir/enhancements/fy1102/2010282489-d.html">http://www.loc.gov/catdir/enhancements/fy1102/2010282489-d.html</a> |
| 856 41 - الوصول و الموقع الالكترونى | |
| مواد محددة | Table of contents only |
| معرف المصدر الموحد | <a href="http://www.loc.gov/catdir/enhancements/fy1102/2010282489-t.html">http://www.loc.gov/catdir/enhancements/fy1102/2010282489-t.html</a> |
| 906 ## - عنصر بيانات محلى F, LDF (RLIN) | |
| a | 7 |
| b | cbc |
| c | copycat |
| d | 2 |
| e | ncip |
| f | 20 |
| g | y-gencatlg |
| 942 ## - عناصر المدخل الإضافي( كوها) | |
| مصدر التصنيف او مخطط الترفيف | Dewey Decimal Classification |
| Koha [default] item type | DVD |
| حالة الفقد | نموذج السعر الفعال | حالة تلف | ليس للاعارة | رقم الطلب | تاريخ الاكتساب | الموقع الحالي | الباركود | الفرع الرئيسي | Date last seen | نوع المادة فى نظام كوها | مصدر التصنيف او خطة الترفيف | Total Checkouts |
|---|---|---|---|---|---|---|---|---|---|---|---|---|
| 2013-03-10 | 821.6 L N R | 2011-12-13 | قسم الاجراءات الفنية (IC) | 00100744 | قسم الاجراءات الفنية (IC) | 2013-03-10 | كتاب | Dewey Decimal Classification | ||||
| 2013-03-10 | 821.6 L N R | 2011-12-13 | قسم الاجراءات الفنية (IC) | 00100745 | قسم الاجراءات الفنية (IC) | 2013-03-10 | كتاب | Dewey Decimal Classification |
